Provisional Agenda for the Twenty-Fourth Meeting of the International Monetary and Financial Committee (IMFC).

Provisional Agenda 1. Adoption of Agenda-Opening Remarks by the Chair 2. The Managing Director's Consolidated Multilateral Surveillance Report - Presentation by the IMF Economic and Financial Counsellors The Managing Director's Action Plan - Presentation by the Managing Director 3. Approva...

সম্পূর্ণ বিবরণ

গ্রন্থ-পঞ্জীর বিবরন
সংস্থা লেখক: International Monetary Fund
বিন্যাস: পত্রিকা
ভাষা:English
প্রকাশিত: Washington, D.C. : International Monetary Fund, 2011.
মালা:Policy Papers; Policy Paper ; No. 2011/074
বিষয়গুলি:
অনলাইন ব্যবহার করুন:Full text available on IMF
LEADER 01539cas a2200301 a 4500
001 AALejournalIMF020061
008 230101c9999 xx r poo 0 0eng d
020 |c 5.00 USD 
020 |z 9781498338479 
022 |a 2663-3493 
040 |a BD-DhAAL  |c BD-DhAAL 
110 2 |a International Monetary Fund. 
245 1 0 |a Provisional Agenda for the Twenty-Fourth Meeting of the International Monetary and Financial Committee (IMFC). 
264 1 |a Washington, D.C. :  |b International Monetary Fund,  |c 2011. 
300 |a 1 online resource (1 pages) 
490 1 |a Policy Papers 
500 |a <strong>Off-Campus Access:</strong> No User ID or Password Required 
500 |a <strong>On-Campus Access:</strong> No User ID or Password Required 
506 |a Electronic access restricted to authorized BRAC University faculty, staff and students 
520 3 |a Provisional Agenda 1. Adoption of Agenda-Opening Remarks by the Chair 2. The Managing Director's Consolidated Multilateral Surveillance Report - Presentation by the IMF Economic and Financial Counsellors The Managing Director's Action Plan - Presentation by the Managing Director 3. Approval of Press Communique. 
538 |a Mode of access: Internet 
650 7 |a Agenda  |2 imf 
650 7 |a HQ1  |2 imf 
650 7 |a IMF Governors Photograph  |2 imf 
650 7 |a Meeting Hall  |2 imf 
650 7 |a PP  |2 imf 
830 0 |a Policy Papers; Policy Paper ;  |v No. 2011/074 
856 4 0 |z Full text available on IMF  |u http://elibrary.imf.org/view/journals/007/2011/074/007.2011.issue-074-en.xml  |z IMF e-Library